Kantone der Schweiz - Statistiken

Allgemein
  • Dieses Quiz wurde 921 mal gespielt
  • Das Durchschnittsergebnis liegt bei 16 aus 26
Antwortstatistiken
Hinweise Kanton % Korrekt
Bärenpark, Bundeshaus, Hauptstadt der Schweiz Bern
94%
CERN, Jet d'Eau, UNO Genf
87%
Gotthardpass (Süd), Lago Maggiore, Verzasca-Tal Tessin
81%
Platzspitz, Grossmünster, ETH Zürich
79%
Tell-Saga, Gotthardpass (Nord), Stier Uri
74%
Aletschgletscher, Matterhorn, Sion Wallis
74%
Kloster Einsiedeln, Fronalpstock, Autokennzeichen SZ Schwyz
73%
Kybunpark, Stiftsbibliothek, grünes Wappen St. Gallen
72%
Rheinschlucht, Steinbock, St. Moritz Graubünden
71%
Löwendenkmal, Kapellbrücke, Fasnacht Luzern
70%
Munot, Rheinfall, Grenzkanton Schaffhausen
70%
Bischofszell, Bodensee, Kartause Ittingen Thurgau
60%
Lavaux-Terrassen, Schloss Chillon, Les Diablerets Waadt
58%
Greyerzersee, Gruyère Käse, Poyas Freiburg
56%
Engelberg, Sarnen, Melchsee-Frutt Obwalden
56%
Nähe zum Säntis, Herisau, AR Appenzell Ausserrhoden
54%
Augusta Raurica, Liestal, Schloss Wildenstein Basel-Landschaft
53%
Schnitzturm, Bannalp, Stans Nidwalden
52%
Schloss Lenzburg, Muri, Thermalquellen Aargau
51%
Münster, Tinguely Museum, Beitritt zum Bund 1501 Basel-Stadt
51%
Saint-Ursanne, Uhrenindustrie, Delsberg Jura
51%
Val-de-Travers, Amtssprache: Französisch, Pont du Saut-de-Brot Neuenburg
49%
EVZ, Höllgrotten, Kirschen Zug
46%
Schwende-Rüte, Ebenalp, Milchwirtschaft Appenzell Innerrhoden
42%
Glaubensbote Fridolin von Säckingen, Tektonikarena Sardona, Tödi Glarus
37%
St. Ursenkathedrale, Verenaschlucht, Weissenstein Solothurn
35%
Keine übereinstimmenden Quizze gefunden
Verteilung der Resultate
Anzahl Personen mit jedem Resultat
Perzentil nach korrekt beantworteten Fragen
Ihre Resultats-Entwicklung
Sie haben dieses Quiz noch nicht gespielt